[Event "Muensterland Verbandsklasse-A 1112"]
[Site "Germany"]
[Date "2012.04.21"]
[Round "8.8"]
[White "Lohoff, Marc"]
[Black "Horstmann, Michael1111"]
[Result "1/2-1/2"]
[WhiteElo "1625"]
[BlackElo "1688"]
[PlyCount "39"]
[EventDate "2011.09.17"]
[EventType "team-tourn"]
[EventRounds "9"]
[EventCountry "GER"]
[SourceTitle "EXT 2013"]
[Source "ChessBase"]
[SourceDate "2012.11.22"]
[SourceVersion "1"]
[SourceVersionDate "2012.11.22"]
[SourceQuality "1"]
[WhiteTeam "Olfen"]
[BlackTeam "Emsdetten Rochade"]
[WhiteTeamCountry "GER"]
[BlackTeamCountry "GER"]

1. e4 d5 2. exd5 Nf6 3. d4 Nxd5 4. c4 Nf6 5. Nf3 Bg4 6. Be2 e6 7. 0-0 Be7 8. b3 0-0 9. Bb2 Nc6 10. Na3 a5 11. Nc2 a4 12. Ne3 Bh5 13. Qd3 Bg6 14. Qd1 h6 15. Ne5 Nxe5 16. dxe5 axb3 17. axb3 Bb4 18. Qxd8 Rfxd8 19. Rxa8 Rxa8 20. Ra1 1/2-1/2

[Event "Muensterland Verbandsklasse-A 1112"]
[Site "Germany"]
[Date "2012.01.14"]
[Round "5.8"]
[White "Wilting, Wilhelm Josef"]
[Black "Lohoff, Marc"]
[Result "1/2-1/2"]
[WhiteElo "1613"]
[BlackElo "1625"]
[PlyCount "49"]
[EventDate "2011.09.17"]
[EventType "team-tourn"]
[EventRounds "9"]
[EventCountry "GER"]
[SourceTitle "EXT 2013"]
[Source "ChessBase"]
[SourceDate "2012.11.22"]
[SourceVersion "1"]
[SourceVersionDate "2012.11.22"]
[SourceQuality "1"]
[WhiteTeam "Suedlohn II"]
[BlackTeam "Olfen"]
[WhiteTeamCountry "GER"]
[BlackTeamCountry "GER"]

1. d4 f5 2. Bg5 h6 3. Bh4 Nf6 4. e4 fxe4 5. Bxf6 exf6 6. Qh5+ Ke7 7. Nc3 c6 8. Nxe4 Qe8 9. Qxe8+ Kxe8 10. Bd3 d5 11. Ng3 Kf7 12. Nf3 g6 13. 0-0 Bd6 14. Rfe1 Bd7 15. Nh4 Rg8 16. Re2 a5 17. Rae1 Na6 18. c3 b5 19. b3 Bg4 20. Nf3 Nc7 21. Re3 Rae8 22. Rxe8 Rxe8 23. Rxe8 Nxe8 24. Nh4 g5 25. Bg6+ 1/2-1/2